1879 1000 1199 1706 1685 1249 1001 1904 1165 1070 1600 1767 1387 1642 1759 1502 1513 1171 1054 1792 1364 1962 1060 1733 1182 1892 1844 1387 1680 1848 1720 1076 1853 1946 1125 1647 1780 1856 1473 1064 1391 1438 1614 1465 1854 1734 1663 1808 1058 1423 1491 1674 1678 1110 1116 1807 1130 1742 1069 1039 1520 1498 1583 1699 1058 1826 1191 1820 1027 1018 1104 1652 1069 1980 1601 1062 1793 1304 1865 1016 1124 1472 1341 1183 1221 1512 1027 1560 1557 1236 1559 1278 1859 1727 1585 1647 1586 1023 1410 BCNSPRNW ULIB Ver.6.0+V

เปลี่ยนเป็นภาษาไทย

Change to English
 แสดงรายละเอียดบรรณานุกรม
  กลับหน้าหลัก

Brief Record : Get Marc (ISO 2709) : E-mail record : QR code < ปิดหน้าต่าง
LEADER : 00000nam 2200000uu 4500
001    13399112805
003     ULIB
008    110627s2552||||th 000 0 tha d
020    9789742556853
090    นว.^bส984ร 2552
100 0  โสภาค สุวรรณ,นามแฝง
245 00 รักเร่/^cโสภาค สุวรรณ,นามแฝง
250    พิมพ์ครั้งที่ 8
260    กรุงเทพฯ :^bโสภณการพิมพ์,^c2552
300    478 หน้า
710 1  โสภณการพิมพ์
945    ^p350^l0^i028079
995    ทศพร
999 ^a ใช้งานได้ทุกระบบ
รายการนี้ยังไม่มีแท็ก
คุณยังไม่ได้ล็อกอิน คุณสามารถมีกิจกรรมร่วมกับเว็บไซต์ได้ แต่ต้องล็อกอินก่อน ::
  ล็อกอิน

รายการสื่อสารสนเทศ

ลำดับที่ ประเภท เลขเรียก/บาร์โค้ด สถานที่ สถานะ
- ไม่พบข้อมูล -

BibComment


ยังไม่เคยถูกคอมเมนท์

คอมเมนท์ทรัพยากรรายการนี้
  คอมเมนท์: รักเร่ โสภาค สุวร..


 Copyright 2026. Bcnsprnw @Library